000 00658nam a2200193 4500
001 122419
003 ES-MaACL
005 20230906191956.0
007 t|
008 070214s1984 sp r ||||1| spa d
100 1 _aPrimavesi, Ana.
_993966
245 1 0 _aManejo ecológico del suelo
_b: la agricultura en regiones tropicales /
_cAna Primavesi ; traducción de Silvia Lerendegui.
250 _a5ª ed.
_bAl cuidado de Jorge S. Molina.
260 _aBuenos Aires [etc.] :
_bEl Ateneo,
_c1984.
300 _aXVIII, 499 p. ;
_c23 cm.
700 1 _aLerendegui, SIlvia.
_971763
700 1 _aMolina, Jorge S.
_981892
852 _aES-MaACL
_jL-10269
_bR.112142
999 _c122419
_d122419